000 00370nam a2200157Ia 4500
008 230711s9999||||xx |||||||||||||| ||und||
041 _aENG
082 _a720
_bKI-B
100 _aKing,Anthony D
245 0 _aBuilding and society
250 _a1st Ed.
260 _c1980
_aNew Delhi
_bRoutledge and Kegan Paul
300 _a318
650 _aArchitecture
942 _cBK
999 _c1824
_d1824